000
00349nam a2200133Ia 4500
008
100328s9999 xx 000 0 und d
082
_b
53972
100
_a
माडखोलकर ग.त्र्यं.
245
_a
अनघा
260
_b
मॅजेस्टिक
630
_a
अनघा
730
_a
अनघा
942
_c
BOOK
999
_c
540701
_d
540698